|
|
|
|
| LEADER |
01592nam a2200277 a 4500 |
| 001 |
18127 |
| 003 |
BD-DhAAL |
| 008 |
090826s1960 dcua b f000 0 eng d |
| 010 |
|
|
|a 61062188
|
| 020 |
|
|
|a 0486609715
|
| 040 |
|
|
|a DLC/ICU
|c ICU
|d DLC
|d BD-DhAAL
|
| 082 |
0 |
0 |
|a 517
|2 16
|
| 100 |
1 |
|
|a Davis, Harold T.
|q (Harold Thayer),
|d 1892-1974.
|9 57495
|
| 245 |
1 |
0 |
|a Introduction to nonlinear differential and integral equations.
|
| 260 |
|
|
|a [Washington]
|b U.S. Atomic Energy Commission,
|c 1960.
|
| 300 |
|
|
|a xv, 566 p.
|b illus.
|c 24 cm.
|
| 504 |
|
|
|a Bibliography: p. 545-558.
|
| 526 |
|
|
|a MNS
|x Ferdousi Ara Begum,
Faculty Member of BRAC University
Course name : Advanced Numerical Methods (MAT 425)
|
| 541 |
1 |
|
|e 00018127
|a D. S. Books International
|
| 650 |
|
0 |
|a Calculus.
|
| 710 |
2 |
|
|a U.S. Atomic Energy Commission.
|9 57496
|
| 852 |
4 |
|
|a Ayesha Abed Library
|c General Stacks
|
| 942 |
|
|
|2 ddc
|c BK
|
| 999 |
|
|
|c 3548
|d 3548
|
| 952 |
|
|
|0 0
|1 0
|2 ddc
|4 0
|6 517_DAV_196000000000000
|7 0
|9 3225
|a BRACUL
|b BRACUL
|c GEN
|d 2009-09-02
|e D. S. Books International
|g 1534.00
|l 1
|o 517 DAV
|p 3010018127
|r 2015-07-29
|s 2015-07-26
|t 1
|w 2009-09-02
|y BK
|x Requisitioned by Ferdousi Ara Begum (Faculty Member of BRAC University) for the course named- "Advanced Numerical Methods (MAT 425)" ; USD 13.95
|
| 952 |
|
|
|0 0
|1 0
|2 ddc
|4 0
|6 517_DAV_196000000000000
|7 0
|9 11178
|a BRACUL
|b BRACUL
|c GEN
|d 2010-06-22
|e D. S. Books International
|l 1
|m 4
|o 517 DAV
|p 3010018128
|r 2011-03-31
|s 2011-03-02
|t 2
|w 2010-06-22
|y BK
|x Requisitioned by Ferdousi Ara Begum (Faculty Member of BRAC University) for the course named- "Advanced Numerical Methods (MAT 425)" ; USD 13.95
|